Statistiques concernant Pokémon - Les attaques de Frison

Cliquez ici pour prendre le quiz!

Statistiques générales

  • Ce quiz a été pris 14 fois
  • Le résultat moyen est 7 sur 13

Statistiques - réponses

NiveauxTypesNoms des attaques% Correct
DépartNormalCharge
100%
DépartNormalGroz'Yeux
80%
Niveau 55NormalGiga Impact
70%
Niveau 25NormalKoud'Korne
70%
Niveau 50InsecteMégacorne
70%
Niveau 40NormalPeignée
70%
Niveau 30CombatContre
50%
Niveau 10NormalFurie
50%
Niveau 20NormalGrimace
40%
Niveau 15CombatVendetta
40%
Niveau 45NormalDanse Lames
30%
Niveau 5NormalPuissance
30%
Niveau 35TénèbresExécu-Son
20%

Distribution des résultats

Percentile par nombre de réponses

% des personnes avec chaque résultat

Votre développement - résultats

Vous n’avez pas pris ce quiz